000 00584nam a2200205Ia 4500
005 20221116105822.0
008 131103s9999 xx 000 0 und d
020 _cRs.40
040 _aLoreto College
041 _aEnglish
082 _a954.03
_bFIR
100 _aFirminger,W.K.
245 _aHistorical introduction to the Bengal portion of 'The fifth report
_cW.K.Firminger
260 _aCalcutta
_bIndian Studies
_c1962
300 _a356 p.
504 _aIncludes index and bibliographical references
650 _aIndian - Modern History
850 _aLCLIB
942 _cBK
999 _c9724
_d60203